[Event "City of Dublin IM Norm Tournament 2011"]
[Site "Dublin IRL"]
[Date "2011.08.27"]
[Round "4"]
[White "Delaney, John"]
[Black "Fitzsimons, David"]
[Result "1-0"]
[WhiteTitle "FM"]
[WhiteElo "2224"]
[BlackElo "2251"]
[WhiteICU "2232"]
[BlackICU "2254"]
[WhiteClub "Rathmines"]
[BlackClub "Elm Mount"]
[WhiteFideId "2500060"]
[BlackFideId "2501961"]
[PlyCount "71"]
[EventDate "2011.08.26"]
[Source "P. Fitzsimons, C. Quinn at LCU blog"]

{ Source: Pat Fitzsimons, Ciar&aacute;n Quinn at LCU Chess Cogitations
blog. } { Reference: <a
href="http://www.irlchess.com/cityofdublinimnorm2011_allfiles/pairings_cityofdublinimnorm2011.html">Tournament
report</a>. }

1. d4 Nf6 2. Nf3 e6 3. c4 b6 4. g3 Ba6 5. b3 Bb7 6. Bg2 Bb4+ 7. Bd2 c5 8.
O-O O-O 9. Bxb4 cxb4 10. Nbd2 d6 11. e3 a5 12. Qe2 Re8 13. Rfd1 Qe7 14. Ng5
Bxg2 15. Kxg2 e5 16. dxe5 dxe5 17. Nde4 Nxe4 18. Nxe4 Na6 19. Qg4 Rad8 20.
Rxd8 Rxd8 21. Rd1 g6 22. Rd7 Rxd7 23. Qxd7 Qe6 24. Qd8+ Kg7 25. Nd6 h5 26.
Qxb6 h4 27. Qxa6 h3+ 28. Kg1 e4 29. Qb6 Qg4 30. Qd4+ Kf8 31. Nxe4 f5 32.
Qd8+ Kf7 33. f3 Qh5 34. Qf6+ Ke8 35. Ng5 Kd7 36. c5 1-0

[Event "City of Dublin IM Norm Tournament 2011"]
[Site "Dublin IRL"]
[Date "2011.08.27"]
[Round "4"]
[White "Burns-Mannion, Stephen"]
[Black "Wall, Gavin"]
[Result "1/2-1/2"]
[WhiteTitle "IM"]
[BlackTitle "IM"]
[WhiteElo "2353"]
[BlackElo "2329"]
[BlackICU "2311"]
[WhiteNationality "SCO"]
[WhiteFideId "2400111"]
[BlackFideId "2501244"]
[PlyCount "109"]
[EventDate "2011.08.26"]
[Source "P. Fitzsimons, C. Quinn at LCU blog"]

{ Source: Pat Fitzsimons, Ciar&aacute;n Quinn at LCU Chess Cogitations
blog. } { Reference: <a
href="http://www.irlchess.com/cityofdublinimnorm2011_allfiles/pairings_cityofdublinimnorm2011.html">Tournament
report</a>. }

1. e4 e5 2. Nf3 d6 3. d4 exd4 4. Nxd4 Nf6 5. Nc3 Be7 6. Bf4 O-O 7. Qd2 Nc6
8. O-O-O Nxd4 9. Qxd4 Be6 10. f3 Nd7 11. g4 Bg5 12. Qe3 Bxf4 13. Qxf4 Qh4
14. Qg3 Qxg3 15. hxg3 f6 16. Nb5 Rfc8 17. Nd4 Bf7 18. Bh3 g5 19. Bf1 Nf8
20. Nf5 Re8 21. Bb5 Re5 22. Bd3 Bg6 23. Nd4 Re7 24. Bc4+ Kg7 25. Bd5 Rb8
26. Rhe1 a6 27. c3 Rbe8 28. Nc2 c6 29. Bb3 Rd7 30. Ne3 b5 31. Rd2 h6 32.
Red1 Red8 33. Rh2 Re7 34. Nc2 c5 35. Ne3 c4 36. Bc2 Ne6 37. Rhd2 Red7 38.
Nd5 Rb7 39. Ne3 Rbd7 40. Nd5 Rb7 41. f4 Nc5 42. Re1 Rbd7 43. b4 cxb3 44.
axb3 a5 45. b4 axb4 46. cxb4 Na6 47. Kb2 Bf7 48. Ra1 Bxd5 49. Rxa6 Bc4 50.
Bb3 Bxb3 51. Kxb3 gxf4 52. gxf4 d5 53. e5 fxe5 54. fxe5 d4 55. Rb6 1/2-1/2

[Event "City of Dublin IM Norm Tournament 2011"]
[Site "Dublin IRL"]
[Date "2011.08.27"]
[Round "4"]
[White "Brady, Stephen"]
[Black "Tate, Alan"]
[Result "1/2-1/2"]
[WhiteTitle "FM"]
[BlackTitle "FM"]
[WhiteElo "2357"]
[BlackElo "2342"]
[WhiteICU "2335"]
[WhiteClub "Phibsboro"]
[BlackNationality "SCO"]
[WhiteFideId "2500124"]
[BlackFideId "2401878"]
[PlyCount "31"]
[EventDate "2011.08.26"]
[Source "P. Fitzsimons, C. Quinn at LCU blog"]

{ Source: Pat Fitzsimons, Ciar&aacute;n Quinn at LCU Chess Cogitations
blog. } { Reference: <a
href="http://www.irlchess.com/cityofdublinimnorm2011_allfiles/pairings_cityofdublinimnorm2011.html">Tournament
report</a>. }

1. e4 c5 2. c3 d5 3. exd5 Qxd5 4. d4 e6 5. Nf3 Nf6 6. Bd3 Bd7 7. O-O Bc6 8.
Re1 cxd4 9. cxd4 Nbd7 10. Nc3 Qh5 11. Ne5 Qxd1 12. Rxd1 Bd6 13. Nxc6 bxc6
14. Bd2 Nb6 15. Rac1 Kd7 16. Ne4 1/2-1/2

[Event "City of Dublin IM Norm Tournament 2011"]
[Site "Dublin IRL"]
[Date "2011.08.28"]
[Round "5"]
[White "Wall, Gavin"]
[Black "Martyn, Rafe"]
[Result "1-0"]
[WhiteTitle "IM"]
[BlackTitle "FM"]
[WhiteElo "2329"]
[BlackElo "2264"]
[WhiteICU "2311"]
[BlackNationality "ENG"]
[WhiteFideId "2501244"]
[BlackFideId "409626"]
[PlyCount "81"]
[EventDate "2011.08.26"]
[Source "P. Fitzsimons, C. Quinn at LCU blog"]

{ Source: Pat Fitzsimons, Ciar&aacute;n Quinn at LCU Chess Cogitations
blog. } { Reference: <a
href="http://www.irlchess.com/cityofdublinimnorm2011_allfiles/pairings_cityofdublinimnorm2011.html">Tournament
report</a>. }

1. e4 c6 2. d4 d5 3. e5 c5 4. dxc5 e6 5. Nf3 Bxc5 6. Bd3 Nc6 7. c3 f6 8. b4
Bb6 9. b5 Nce7 10. O-O fxe5 11. Nxe5 Nf6 12. Nd2 O-O 13. Ndf3 Bd7 14. c4
Be8 15. Qb3 Qd6 16. Ba3 Bc5 17. Bxc5 Qxc5 18. Rac1 Rc8 19. Qb2 Qd6 20. Rfe1
Ng6 21. Bxg6 Bxg6 22. Qd4 b6 23. Nxg6 hxg6 24. Ne5 Rfd8 25. Nxg6 Kh7 26.
Ne5 dxc4 27. Qh4+ Kg8 28. Nxc4 Qc5 29. Qh3 Rd4 30. Qxe6+ Kh7 31. Qh3+ Kg8
32. Nxb6 Qxc1 33. Qxc8+ Qxc8 34. Nxc8 Ra4 35. h3 Rxa2 36. Re7 a5 37. b6 a4
38. Ra7 a3 39. b7 Rb2 40. Ra8 a2 41. Nb6+ 1-0

[Event "City of Dublin IM Norm Tournament 2011"]
[Site "Dublin IRL"]
[Date "2011.08.28"]
[Round "5"]
[White "Tate, Alan"]
[Black "Delaney, John"]
[Result "1/2-1/2"]
[WhiteTitle "FM"]
[BlackTitle "FM"]
[WhiteElo "2342"]
[BlackElo "2224"]
[BlackICU "2232"]
[BlackClub "Rathmines"]
[WhiteNationality "SCO"]
[WhiteFideId "2401878"]
[BlackFideId "2500060"]
[PlyCount "27"]
[EventDate "2011.08.26"]
[Source "P. Fitzsimons, C. Quinn at LCU blog"]

{ Source: Pat Fitzsimons, Ciar&aacute;n Quinn at LCU Chess Cogitations
blog. } { Reference: <a
href="http://www.irlchess.com/cityofdublinimnorm2011_allfiles/pairings_cityofdublinimnorm2011.html">Tournament
report</a>. }

1. Nf3 c5 2. c4 Nc6 3. d4 cxd4 4. Nxd4 Qb6 5. Nb3 e6 6. Nc3 Nf6 7. e4 Bb4
8. Be3 Qc7 9. Bd3 Bxc3+ 10. bxc3 Ne5 11. c5 O-O 12. f4 Nxd3+ 13. Qxd3 b6
14. O-O 1/2-1/2

[Event "City of Dublin IM Norm Tournament 2011"]
[Site "Dublin IRL"]
[Date "2011.08.28"]
[Round "5"]
[White "Fitzsimons, David"]
[Black "Burns-Mannion, Stephen"]
[Result "1-0"]
[BlackTitle "IM"]
[WhiteElo "2251"]
[BlackElo "2353"]
[WhiteICU "2254"]
[WhiteClub "Elm Mount"]
[BlackNationality "SCO"]
[WhiteFideId "2501961"]
[BlackFideId "2400111"]
[PlyCount "125"]
[EventDate "2011.08.26"]
[Source "P. Fitzsimons, C. Quinn at LCU blog"]

{ Source: Pat Fitzsimons, Ciar&aacute;n Quinn at LCU Chess Cogitations
blog. } { Reference: <a
href="http://www.irlchess.com/cityofdublinimnorm2011_allfiles/pairings_cityofdublinimnorm2011.html">Tournament
report</a>. }

1. e4 e5 2. Nf3 Nc6 3. Bc4 Bc5 4. c3 Nf6 5. d3 a6 6. Bb3 Ba7 7. O-O d6 8.
Re1 O-O 9. h3 h6 10. Nbd2 Nh5 11. Nf1 Qf6 12. Be3 Nf4 13. Ng3 g5 14. Nh2
Qg6 15. d4 Kh8 16. Bc2 f6 17. Nhf1 Bd7 18. Nf5 Bxf5 19. exf5 Qg7 20. Ng3
Rfe8 21. Qd2 d5 22. b4 Rad8 23. a4 Bb6 24. a5 Ba7 25. Ba4 Bb8 26. Rad1 Qd7
27. dxe5 fxe5 28. Bc5 Qf7 29. Bxc6 bxc6 30. Rxe5 Rxe5 31. Bd4 Re8 32. Re1
Qf6 33. Rxe5 Rxe5 34. Qe3 Rxe3 35. Bxf6+ Kg8 36. fxe3 Ba7 37. Kf2 Nd3+ 38.
Ke2 Nb2 39. Bd8 Bb8 40. e4 Nc4 41. Bf6 Kf7 42. Bd4 c5 43. Bxc5 c6 44. Nf1
dxe4 45. Nd2 Nxd2 46. Kxd2 Kf6 47. g4 Ke5 48. c4 h5 49. Ke3 hxg4 50. hxg4
Bc7 51. Bd4+ Kd6 52. Kxe4 Bd8 53. Bc5+ Kd7 54. Ke5 Bc7+ 55. Kf6 Ke8 56.
Kxg5 Kf7 57. Kh5 Be5 58. g5 Bc3 59. g6+ Kf6 60. Kh6 Kxf5 61. g7 Bxg7+ 62.
Kxg7 Ke4 63. Kf6 1-0

[Event "City of Dublin IM Norm Tournament 2011"]
[Site "Dublin IRL"]
[Date "2011.08.28"]
[Round "5"]
[White "Daly, Colm"]
[Black "Brady, Stephen"]
[Result "1/2-1/2"]
[WhiteTitle "FM"]
[BlackTitle "FM"]
[WhiteElo "2305"]
[BlackElo "2357"]
[WhiteICU "2258"]
[BlackICU "2335"]
[WhiteClub "Bray/Greystones"]
[BlackClub "Phibsboro"]
[WhiteFideId "2500434"]
[BlackFideId "2500124"]
[PlyCount "80"]
[EventDate "2011.08.26"]
[Source "P. Fitzsimons, C. Quinn at LCU blog"]

{ Source: Pat Fitzsimons, Ciar&aacute;n Quinn at LCU Chess Cogitations
blog. } { Reference: <a
href="http://www.irlchess.com/cityofdublinimnorm2011_allfiles/pairings_cityofdublinimnorm2011.html">Tournament
report</a>. }

1. Nf3 Nf6 2. g3 e6 3. Bg2 d5 4. b3 Be7 5. Bb2 O-O 6. c4 c5 7. cxd5 Nxd5 8.
Nc3 Nc6 9. O-O b6 10. Nxd5 exd5 11. d4 Bg4 12. Ne5 Nxe5 13. dxe5 Be6 14. f4
Qd7 15. e4 dxe4 16. Bxe4 Rad8 17. f5 Bd5 18. Qxd5 Qxd5 19. Bxd5 Rxd5 20. f6
gxf6 21. exf6 Bd6 22. Rad1 Rxd1 23. Rxd1 Rd8 24. Kg2 Bc7 25. Rxd8+ Bxd8 26.
Kf3 Kf8 27. Ke4 Ke8 28. Kd5 Kd7 29. Be5 h5 30. h3 b5 31. Kxc5 Ke6 32. Bc3
a6 33. Kc6 Bxf6 34. Be1 Bd8 35. a4 bxa4 36. bxa4 f5 37. Bf2 Ke5 38. Bc5 h4
39. gxh4 Bxh4 40. Kb6 f4 1/2-1/2

[Event "City of Dublin IM Norm Tournament 2011"]
[Site "Dublin IRL"]
[Date "2011.08.28"]
[Round "5"]
[White "Collins, Sam"]
[Black "Makepeace, Phil"]
[Result "1-0"]
[WhiteTitle "IM"]
[WhiteElo "2436"]
[BlackElo "2104"]
[WhiteICU "2449"]
[WhiteClub "Gonzaga"]
[BlackNationality "ENG"]
[WhiteFideId "2501198"]
[BlackFideId "413550"]
[PlyCount "77"]
[EventDate "2011.08.26"]
[Source "P. Fitzsimons, C. Quinn at LCU blog"]

{ Source: Pat Fitzsimons, Ciar&aacute;n Quinn at LCU Chess Cogitations
blog. } { Reference: <a
href="http://www.irlchess.com/cityofdublinimnorm2011_allfiles/pairings_cityofdublinimnorm2011.html">Tournament
report</a>. }

1. e4 c6 2. c4 g6 3. Nc3 Bg7 4. d4 d6 5. Be2 a5 6. Nf3 Bg4 7. Be3 Bxf3 8.
Bxf3 Nd7 9. O-O Qc7 10. Be2 e5 11. Qd2 Ngf6 12. d5 O-O 13. dxc6 bxc6 14.
Rfd1 Ne8 15. Na4 f5 16. f3 Rb8 17. Rac1 fxe4 18. fxe4 Ndf6 19. Bf3 Qd8 20.
Nc3 Rf7 21. c5 d5 22. Nxd5 cxd5 23. exd5 e4 24. Be2 Nd7 25. b3 Be5 26. Bg5
Ndf6 27. d6 h6 28. Bc4 hxg5 29. Qxg5 Kg7 30. Qxe5 Rf8 31. c6 Qb6+ 32. Kh1
Kh6 33. Be6 Nxd6 34. Qf4+ g5 35. Qxd6 Rbe8 36. Bd7 Rd8 37. c7 Qxd6 38. Rxd6
Rxd7 39. Rxf6+ 1-0

[Event "City of Dublin IM Norm Tournament 2011"]
[Site "Dublin IRL"]
[Date "2011.08.28"]
[Round "6"]
[White "Martyn, Rafe"]
[Black "Fitzsimons, David"]
[Result "1/2-1/2"]
[WhiteTitle "FM"]
[WhiteElo "2264"]
[BlackElo "2251"]
[BlackICU "2254"]
[BlackClub "Elm Mount"]
[WhiteNationality "ENG"]
[WhiteFideId "409626"]
[BlackFideId "2501961"]
[PlyCount "98"]
[EventDate "2011.08.26"]
[Source "P. Fitzsimons, C. Quinn at LCU blog"]

{ Source: Pat Fitzsimons, Ciar&aacute;n Quinn at LCU Chess Cogitations
blog. } { Reference: <a
href="http://www.irlchess.com/cityofdublinimnorm2011_allfiles/pairings_cityofdublinimnorm2011.html">Tournament
report</a>. }

1. d4 Nf6 2. c4 e6 3. g3 d5 4. Nf3 dxc4 5. Bg2 Bb4+ 6. Bd2 a5 7. O-O O-O 8.
Bg5 Nc6 9. e3 h6 10. Bxf6 Qxf6 11. a3 Bd6 12. Nfd2 e5 13. d5 Ne7 14. Nxc4
b5 15. Nxd6 cxd6 16. Nc3 Ba6 17. b4 a4 18. Qd2 Rab8 19. Rfc1 Bc8 20. Bf1
Bd7 21. Bd3 Qf3 22. Be2 Qf5 23. Bd3 Qf3 24. Qe2 Qxe2 25. Bxe2 f5 26. f4 e4
27. Kf2 Rfc8 28. g4 Rb7 29. Ke1 fxg4 30. Kd2 Rb6 31. Bf1 Re8 32. Bg2 Bf5
33. Re1 Ng6 34. Bf1 Bd7 35. Bg2 Bf5 36. Ne2 Nh4 37. Bh1 Nf3+ 38. Bxf3 gxf3
39. Ng3 Bg6 40. Red1 Rbb8 41. Rac1 Rbc8 42. Ke1 Rxc1 43. Rxc1 Bf7 44. Nf5
Rd8 45. Rc7 Kf8 46. Nd4 Rb8 47. Nf5 Rd8 48. Nd4 Rb8 49. Nf5 Rd8 1/2-1/2

[Event "City of Dublin IM Norm Tournament 2011"]
[Site "Dublin IRL"]
[Date "2011.08.28"]
[Round "6"]
[White "Makepeace, Phil"]
[Black "Brady, Stephen"]
[Result "1/2-1/2"]
[BlackTitle "FM"]
[WhiteElo "2104"]
[BlackElo "2357"]
[BlackICU "2335"]
[BlackClub "Phibsboro"]
[WhiteNationality "ENG"]
[WhiteFideId "413550"]
[BlackFideId "2500124"]
[PlyCount "67"]
[EventDate "2011.08.26"]
[Source "P. Fitzsimons, C. Quinn at LCU blog"]

{ Source: Pat Fitzsimons, Ciar&aacute;n Quinn at LCU Chess Cogitations
blog. } { Reference: <a
href="http://www.irlchess.com/cityofdublinimnorm2011_allfiles/pairings_cityofdublinimnorm2011.html">Tournament
report</a>. }

1. e4 e6 2. d4 d5 3. Nc3 Nf6 4. e5 Nfd7 5. Qh5 a6 6. Bg5 Be7 7. Nf3 c5 8.
O-O-O Nc6 9. dxc5 h6 10. h4 Qa5 11. Bxe7 Nxe7 12. Qg4 g6 13. Bd3 Nxc5 14.
Qf4 Bd7 15. Qf6 Rh7 16. h5 Nxd3+ 17. Rxd3 g5 18. Nd2 Bc6 19. Nb3 Qc7 20.
Re1 Nf5 21. g4 Nh4 22. Rg1 Qe7 23. Qxe7+ Kxe7 24. Nd4 Rf8 25. f4 f6 26.
exf6+ Rxf6 27. fxg5 hxg5 28. Re3 Kd6 29. Rge1 Re7 30. Re5 Ng2 31. R1e2 Nf4
32. Re1 Ng2 33. R1e2 Nf4 34. Re1 1/2-1/2

[Event "City of Dublin IM Norm Tournament 2011"]
[Site "Dublin IRL"]
[Date "2011.08.28"]
[Round "6"]
[White "Delaney, John"]
[Black "Daly, Colm"]
[Result "1-0"]
[WhiteTitle "FM"]
[BlackTitle "FM"]
[WhiteElo "2224"]
[BlackElo "2305"]
[WhiteICU "2232"]
[BlackICU "2258"]
[WhiteClub "Rathmines"]
[BlackClub "Bray/Greystones"]
[WhiteFideId "2500060"]
[BlackFideId "2500434"]
[PlyCount "109"]
[EventDate "2011.08.26"]
[Source "P. Fitzsimons, C. Quinn at LCU blog"]

{ Source: Pat Fitzsimons, Ciar&aacute;n Quinn at LCU Chess Cogitations
blog. } { Reference: <a
href="http://www.irlchess.com/cityofdublinimnorm2011_allfiles/pairings_cityofdublinimnorm2011.html">Tournament
report</a>. }

1. c4 g6 2. Nc3 Bg7 3. d4 d6 4. e4 Nc6 5. d5 Nd4 6. Be3 c5 7. Nge2 Bg4 8.
Qd2 Bxe2 9. Nxe2 Nxe2 10. Bxe2 Nf6 11. Bf3 O-O 12. h4 h5 13. O-O-O Rb8 14.
Bh6 Kh7 15. Bxg7 Kxg7 16. Rde1 Qc7 17. Bd1 Rh8 18. f4 b5 19. e5 Ng8 20. Bc2
bxc4 21. Qc3 f6 22. Rh3 Qb7 23. Rg3 Rh6 24. exd6 exd6 25. f5 Qxd5 26. fxg6
Qd4 27. Rd1 Qxc3 28. Rxc3 Rb6 29. Re3 Rb7 30. Rxd6 Ne7 31. Rf3 f5 32. Bxf5
Nxf5 33. Rxf5 Rxg6 34. Rxg6+ Kxg6 35. Rxc5 Rf7 36. Rxc4 Rf1+ 37. Kc2 Rf2+
38. Kc3 Rxg2 39. a4 Rg3+ 40. Kb4 Kf6 41. a5 Ke6 42. Kc5 Ke5 43. b4 a6 44.
Kb6 Rg4 45. Rc5+ Kd6 46. b5 axb5 47. Rxh5 b4 48. a6 b3 49. a7 Rb4+ 50. Ka5
b2 51. a8=Q b1=Q 52. Qd5+ Ke7 53. Re5+ Kf6 54. Qd6+ Kg7 55. Re7+ 1-0

[Event "City of Dublin IM Norm Tournament 2011"]
[Site "Dublin IRL"]
[Date "2011.08.28"]
[Round "6"]
[White "Collins, Sam"]
[Black "Wall, Gavin"]
[Result "1/2-1/2"]
[WhiteTitle "IM"]
[BlackTitle "IM"]
[WhiteElo "2436"]
[BlackElo "2329"]
[WhiteICU "2449"]
[BlackICU "2311"]
[WhiteClub "Gonzaga"]
[WhiteFideId "2501198"]
[BlackFideId "2501244"]
[PlyCount "123"]
[EventDate "2011.08.26"]
[Source "P. Fitzsimons, C. Quinn at LCU blog"]

{ Source: Pat Fitzsimons, Ciar&aacute;n Quinn at LCU Chess Cogitations
blog. } { Reference: <a
href="http://www.irlchess.com/cityofdublinimnorm2011_allfiles/pairings_cityofdublinimnorm2011.html">Tournament
report</a>. }

1. e4 c5 2. Nf3 g6 3. d4 Bg7 4. dxc5 Qa5+ 5. c3 Qxc5 6. Be3 Qc7 7. Bd3 Nf6
8. O-O Nc6 9. Na3 O-O 10. Nb5 Qb8 11. Qd2 d5 12. exd5 Nxd5 13. Bh6 Rd8 14.
Bxg7 Kxg7 15. g3 e5 16. Rfe1 a6 17. Na3 b5 18. Be4 Nf6 19. Qe2 Nxe4 20.
Qxe4 Re8 21. Rad1 Qc7 22. Nc2 Bb7 23. Qh4 f6 24. Ne3 Ne7 25. Nd2 Qc6 26. f3
Rad8 27. c4 Rd4 28. cxb5 axb5 29. Qh3 Red8 30. Ne4 Rxd1 31. Rxd1 Rxd1+ 32.
Nxd1 f5 33. Qh4 Ng8 34. Nef2 Qxf3 35. Kf1 Qg2+ 36. Ke1 Bf3 37. Qd8 Qg1+ 38.
Kd2 Bxd1 39. Nxd1 Qxh2+ 40. Kc1 Qxg3 41. Qd7+ Kh6 42. Qxb5 e4 43. a4 e3 44.
Qb3 Qc7+ 45. Kb1 f4 46. Nxe3 fxe3 47. Qxg8 Qf4 48. Qe6 Qf1+ 49. Kc2 e2 50.
Qe3+ g5 51. Qe6+ Kh5 52. Qe8+ Kh4 53. Qe4+ Kg3 54. Qe5+ Kh3 55. Qe3+ Kh2
56. Qe5+ Kh1 57. Qe4+ Qg2 58. Qxh7+ Kg1 59. Kd2 Kf1 60. Qf5+ Kg1 61. Qe5
Kf1 62. Qf5+ 1/2-1/2

[Event "City of Dublin IM Norm Tournament 2011"]
[Site "Dublin IRL"]
[Date "2011.08.29"]
[Round "7"]
[White "Daly, Colm"]
[Black "Burns-Mannion, Stephen"]
[Result "0-1"]
[WhiteTitle "FM"]
[BlackTitle "IM"]
[WhiteElo "2305"]
[BlackElo "2353"]
[WhiteICU "2258"]
[WhiteClub "Bray/Greystones"]
[BlackNationality "SCO"]
[WhiteFideId "2500434"]
[BlackFideId "2400111"]
[PlyCount "66"]
[EventDate "2011.08.26"]
[Source "P. Fitzsimons, C. Quinn at LCU blog"]

{ Source: Pat Fitzsimons, Ciar&aacute;n Quinn at LCU Chess Cogitations
blog. } { Reference: <a
href="http://www.irlchess.com/cityofdublinimnorm2011_allfiles/pairings_cityofdublinimnorm2011.html">Tournament
report</a>. }

1. c4 Nf6 2. g3 c6 3. Nf3 d5 4. b3 Bf5 5. Bb2 e6 6. Bg2 Be7 7. O-O O-O 8.
d3 h6 9. Nbd2 Nbd7 10. a3 a5 11. Ra2 Bh7 12. Qa1 b5 13. cxb5 cxb5 14. Rc1
Qb6 15. Ne5 Nxe5 16. Bxe5 Rfc8 17. Rac2 Rxc2 18. Rxc2 Bc5 19. Bxf6 Bxf2+
20. Kf1 Bg1 21. Qe1 gxf6 22. Nf3 Be3 23. Qc3 Kg7 24. Qc6 Qb8 25. Bh3 Ra7
26. Ne1 b4 27. a4 Qe5 28. Qc8 Bb6 29. Ng2 Qd4 30. Ke1 Qg1+ 31. Kd2 Bd4 32.
Rc1 Bc3+ 33. Kc2 Bxd3+ 0-1

[Event "City of Dublin IM Norm Tournament 2011"]
[Site "Dublin IRL"]
[Date "2011.08.29"]
[Round "7"]
[White "Wall, Gavin"]
[Black "Makepeace, Phil"]
[Result "1-0"]
[WhiteTitle "IM"]
[WhiteElo "2329"]
[BlackElo "2104"]
[WhiteICU "2311"]
[BlackNationality "ENG"]
[WhiteFideId "2501244"]
[BlackFideId "413550"]
[PlyCount "95"]
[EventDate "2011.08.26"]
[Source "P. Fitzsimons, C. Quinn at LCU blog"]

{ Source: Pat Fitzsimons, Ciar&aacute;n Quinn at LCU Chess Cogitations
blog. } { Reference: <a
href="http://www.irlchess.com/cityofdublinimnorm2011_allfiles/pairings_cityofdublinimnorm2011.html">Tournament
report</a>. }

1. e4 c6 2. d4 d5 3. f3 e6 4. Nc3 Bb4 5. Bf4 dxe4 6. fxe4 Nf6 7. Qd3 Qa5 8.
Ne2 O-O 9. O-O-O b6 10. Kb1 Ba6 11. Qf3 Bb7 12. e5 Nd5 13. Ne4 b5 14. N2g3
Qd8 15. Bg5 Be7 16. Bxe7 Qxe7 17. Bd3 f5 18. exf6 Nxf6 19. Nc5 Na6 20. Nxa6
Bxa6 21. Qxc6 Bb7 22. Qxb5 Bxg2 23. Rhg1 Rab8 24. Qa5 Qb7 25. b3 Bf3 26.
Rde1 Qd7 27. Qe5 Rb6 28. Ref1 Qd5 29. Qxd5 Nxd5 30. c4 Ne3 31. Re1 Ng4 32.
c5 Rb4 33. Bc4 Bd5 34. Nh5 Bxc4 35. Rxg4 Bd3+ 36. Kb2 Bg6 37. Ng3 Rf2+ 38.
Re2 Rxe2+ 39. Nxe2 Bh5 40. Re4 Bxe2 41. Kc3 Bf3 42. Re3 Rb7 43. Rxf3 g5 44.
Kc4 Rc7 45. Rf6 Kg7 46. Rxe6 Kf7 47. d5 h5 48. Rh6 1-0

[Event "City of Dublin IM Norm Tournament 2011"]
[Site "Dublin IRL"]
[Date "2011.08.29"]
[Round "7"]
[White "Tate, Alan"]
[Black "Martyn, Rafe"]
[Result "1/2-1/2"]
[WhiteTitle "FM"]
[BlackTitle "FM"]
[WhiteElo "2342"]
[BlackElo "2264"]
[WhiteNationality "SCO"]
[BlackNationality "ENG"]
[WhiteFideId "2401878"]
[BlackFideId "409626"]
[PlyCount "53"]
[EventDate "2011.08.26"]
[Source "P. Fitzsimons, C. Quinn at LCU blog"]

{ Source: Pat Fitzsimons, Ciar&aacute;n Quinn at LCU Chess Cogitations
blog. } { Reference: <a
href="http://www.irlchess.com/cityofdublinimnorm2011_allfiles/pairings_cityofdublinimnorm2011.html">Tournament
report</a>. }

1. e4 d5 2. exd5 Qxd5 3. Nc3 Qa5 4. d4 Nf6 5. Nf3 c6 6. Bc4 Bf5 7. Bd2 e6
8. Nh4 Bg6 9. Nxg6 hxg6 10. Qe2 Qb6 11. O-O-O Nbd7 12. d5 cxd5 13. Bxd5
Nxd5 14. Nxd5 Qc6 15. Bg5 Nb6 16. Nxb6 Qxb6 17. Qd2 Qc7 18. Qd4 Rh5 19. h4
Rc8 20. Rd2 Be7 21. Bxe7 Rd5 22. Qa4+ Kxe7 23. Rxd5 exd5 24. Rd1 Qc4 25.
Qa3+ Rc5 26. Qe3+ Kf8 27. c3 1/2-1/2

[Event "City of Dublin IM Norm Tournament 2011"]
[Site "Dublin IRL"]
[Date "2011.08.29"]
[Round "7"]
[White "Fitzsimons, David"]
[Black "Collins, Sam"]
[Result "0-1"]
[BlackTitle "IM"]
[WhiteElo "2251"]
[BlackElo "2436"]
[WhiteICU "2254"]
[BlackICU "2449"]
[WhiteClub "Elm Mount"]
[BlackClub "Gonzaga"]
[WhiteFideId "2501961"]
[BlackFideId "2501198"]
[PlyCount "94"]
[EventDate "2011.08.26"]
[Source "P. Fitzsimons, C. Quinn at LCU blog"]

{ Source: Pat Fitzsimons, Ciar&aacute;n Quinn at LCU Chess Cogitations
blog. } { Reference: <a
href="http://www.irlchess.com/cityofdublinimnorm2011_allfiles/pairings_cityofdublinimnorm2011.html">Tournament
report</a>. }

1. e4 e5 2. Nf3 Nc6 3. Bc4 Bc5 4. c3 Nf6 5. d3 a6 6. Bb3 Ba7 7. O-O d6 8.
Re1 O-O 9. h3 h6 10. Nbd2 Re8 11. Nf1 Be6 12. Bc2 d5 13. exd5 Qxd5 14. Ng3
Rad8 15. Be3 Bxe3 16. Rxe3 Qb5 17. Ba4 Qxb2 18. Rb1 Qxa2 19. Rxb7 Nd5 20.
Bxc6 Nxe3 21. fxe3 Bd5 22. Rxc7 Qa5 23. Bxe8 Qxc7 24. e4 Be6 25. Ba4 Qxc3
26. Ne2 Qxd3 27. Qxd3 Rxd3 28. Nxe5 Re3 29. Nd4 Rxe4 30. Nef3 Bd5 31. Kf2
Kf8 32. Bc2 Re8 33. Ba4 Rb8 34. Ke3 Rb2 35. Ne2 a5 36. Nc3 Bb7 37. g3 Rb4
38. Nd2 Bc8 39. h4 Be6 40. Nde4 Bb3 41. Bc6 a4 42. Nd2 Bc2 43. Nd5 Rg4 44.
Kf3 Rd4 45. Ke2 a3 46. Ne3 Bd3+ 47. Ke1 a2 0-1